Luật đất đai và các quy định về quyền sử dụng đất, bảo lãnh thế chấp và đền bù khi thu hồi đất
Guardat en:
| Autor principal: | |
|---|---|
| Format: | Llibre |
| Idioma: | Undetermined |
| Publicat: |
Hà Nội
Lao động - Xã hội
2005
|
| Matèries: | |
| Etiquetes: |
Afegir etiqueta
Sense etiquetes, Sigues el primer a etiquetar aquest registre!
|
| Thư viện lưu trữ: | Trung tâm Học liệu Trường Đại học Cần Thơ |
|---|
| LEADER | 00669nam a2200193Ia 4500 | ||
|---|---|---|---|
| 001 | CTU_103646 | ||
| 008 | 210402s9999 xx 000 0 und d | ||
| 082 | |a 346.597043 | ||
| 082 | |b N104 | ||
| 100 | |a Nguyễn, Văn Nam | ||
| 245 | 0 | |a Luật đất đai và các quy định về quyền sử dụng đất, bảo lãnh thế chấp và đền bù khi thu hồi đất | |
| 245 | 0 | |c Nguyễn Văn Nam | |
| 260 | |a Hà Nội | ||
| 260 | |b Lao động - Xã hội | ||
| 260 | |c 2005 | ||
| 650 | |a Land tenure | ||
| 650 | |x Law and legislation | ||
| 904 | |i Hiếu | ||
| 980 | |a Trung tâm Học liệu Trường Đại học Cần Thơ | ||